Novodobá pozice zlata v bilancích centrálních bank

Motívy a trendy v držbe zlata centrálnymi bankami v posledných desaťročiach. Korelácia medzi nominálnou a reálnou cenou zlata a vybranými makroekonomickými premennými a finančnými aktívami počas finančného a hospodárskeho cyklu. Investičné možnosti zlata pre centrálne banky a ďalších investorov. Roz...

Full description

Saved in:
Bibliographic Details
Main Author: Polášková, Iveta
Other Authors: Komárek, Luboš
Format: Book Chapter
Language:English
Subjects:
Tags: Add Tag
No Tags, Be the first to tag this record!

MARC

LEADER 00000naa a2200000 4500
001 0279213
005 20211021151824.7
041 0 |a eng 
044 |a CZ 
245 1 0 |a Novodobá pozice zlata v bilancích centrálních bank  |c Iveta Polášková, Luboš Komárek 
520 |a Motívy a trendy v držbe zlata centrálnymi bankami v posledných desaťročiach. Korelácia medzi nominálnou a reálnou cenou zlata a vybranými makroekonomickými premennými a finančnými aktívami počas finančného a hospodárskeho cyklu. Investičné možnosti zlata pre centrálne banky a ďalších investorov. Rozdiely v držbe zlata medzi centrálnymi bankami vyspelých ekonomík (vrátane tých s rezervnými menami) a centrálnymi bankami rozvíjajúcich sa trhov a rozvojových ekonomík. Odôvodnenie postavenia Českej národnej banky, ktorá sa radí medzi moderné centrálne banky držiace minimálne množstvo rezervného zlata. 
610 2 0 |a zlato 
610 2 0 |a bankovníctvo 
610 2 0 |a banky centrálne 
610 2 0 |a systém menový medzinárodný 
610 2 0 |a rezervy 
100 1 |a Polášková, Iveta 
700 1 |a Komárek, Luboš